| 000 | 00570nam a22002057a 4500 | ||
|---|---|---|---|
| 003 | OSt | ||
| 005 | 20150927161945.0 | ||
| 008 | 150927b xxu||||| |||| 00| 0 eng d | ||
| 020 | _a9781292025605 | ||
| 040 | _cDDC | ||
| 082 | _a005.74 ELM 2014 | ||
| 100 |
_aElmasri, Ramez ; Navathe, Shamkant _95793 |
||
| 245 | _aFundamentals of database systems | ||
| 250 | _a6th ed. | ||
| 260 |
_aEdinburgh; _bPearson, _c2014 |
||
| 300 |
_aiv,1081p; _bill: _c28cm |
||
| 504 | _aBibliography, appendices, & index included | ||
| 650 |
_aDatabase systems _95794 |
||
| 942 |
_2z _cO_SHELF |
||
| 999 |
_c2291 _d2291 |
||